000 00363 a2200157 4500
001 62743
020 _a9789604781362
040 _cAnchieta - Pituba
100 _aMitchell, H. Q.
240 1 0 _aThe man who would be king
_lIng
245 1 0 _aThe man who would be king
300 _a71
362 0 _a2008
650 4 _aLiteratura juvenil em inglês
942 _cBK
999 _c62743
_d62743